000 00808nam a22002057a 4500
003 OSt
005 20251125184013.0
008 240817b ||||| |||| 00| 0 eng d
040 _c0
082 _aDPer 510.5 Am351 February - April 2019 v. 141 n. 1-2
100 _aJendrej, Jacek.
_eauthor.
_958120
245 _aConstruction of two-bubble solutions for energy-critical wave equations /
_cJacek Jendrej.
260 _aBaltimore, Maryland U.S. :
_bJohns Hopkins University Press ,
_c February 2019.
300 _aVolume 141, pages 55-118 :
_billustration ;
_c26 cm.
500 _aAmerican Journal of Mathematics, vol. 141, no. 1, pages 55-118, February 2019.
650 0 _aMathematics.
_91041
650 0 _aMathematical analysis
_915001
700 _aJendrej, Jacek.
_dauthor.
_958121
942 _2ddc
_cPER
999 _c20586
_d20586